Ekspress-informacija. Technologija priborostrojenija.
Uložené v:
| Médium: | Časopis |
|---|---|
| Jazyk: | Russian |
| Vydané: |
Moskva :
VINITI,
[1959]-1962.
|
| Tagy: |
Pridať tag
Žiadne tagy, Buďte prvý kto otaguje tento záznam!
|
Titul je dostupný aj v ... 

MARC
| LEADER | 00000nas a2200000 a 4500 | ||
|---|---|---|---|
| 001 | 000304792 | ||
| 003 | SVKK | ||
| 005 | 20221128142547.0 | ||
| 008 | 040707d19591962ru r|p||| |0 a0rus c | ||
| 040 | |a KE001 |b slo |e AACR2 | ||
| 041 | 0 | |a rus | |
| 044 | |a ru |c RU | ||
| 245 | 0 | 0 | |a Ekspress-informacija. |p Technologija priborostrojenija. |
| 246 | 3 | 0 | |a Technologija priborostrojenija |
| 260 | |a Moskva : |b VINITI, |c [1959]-1962. | ||
| 310 | |a periodicita neznáma | ||
| 362 | 0 | |a 1960- | |
| 910 | |a KE001 |b B.2365 | ||
| 998 | |a SE | ||
| 090 | |g CASOS |k Sklad Pribinova 1. posch. |a B.2365 |j 00000 |i 2720924126 |4 Silne poškodené |s Vyradená | ||
| 090 | |g CASOS |k Sklad Pribinova 1. posch. |a B.2365 |j 00000 |i 2720924128 |4 Silne poškodené |s Vyradená | ||
| 090 | |g CASOS |k Sklad Pribinova 1. posch. |a B.2365 |j 00000 |i 2720924129 |4 Silne poškodené |s Vyradená | ||